000 00590nam a22001697a 4500
999 _c61087
_d61087
005 20231215123701.0
008 231215s1979 ru ||||| |||| 00| 0 rus d
041 _arus
080 _a94(37+38) Ф-91
100 _aФролов, Э. Д.
_920140
245 _aСицилийская держава Дионисия :
_b(IV в. до н. э.) /
_cЭдуард Фролов.
264 _aЛ.:
_bЛГУ,
_c1979.
300 _a160 с.;
_b22 см.
653 _aდიონისეს სიცილიური ძალა
653 _aისტორია
942 _2udc
_cᲬᲘᲒᲜᲘ